Athènes : (Registro nro. 12491)

Detalles MARC
000 -LEADER
longitud fija campo de control 00928nam a22002777a 4500
003 - IDENTIFICADOR DE NUMERO DE CONTROL
control del campo AR-RoUNA
005 - FECHA DE LA ULTIMA MODIFICACION
control del campo 20260622110412.0
008 - CAMPO DE CONTROL - LIBROS
longitud fija campo de control 260622b |||||||| |||| 00| 0 spa d
040 ## - ORIGEN DE LA CATALOGACION
Agencia que cataloga la obra original AR-RoUNA
Idioma en que se cataloga spa
Entidad que modifico el registro AR-RoUNA
041 ## - CODIGO DE IDIOMA
Codigo de idioma del texto / sonido o titulo separado fre
Codigo de idioma de la traduccion original y / o intermedios de texto fre
044 ## - CODIGO DE PAIS / ENTIDAD PRODUCTORA
Codigo MARC del pais ag
110 ## - ASIENTO PRINCIPAL - AUTOR INSTITUCIONAL
Unidad subordinada Musée de la Civilisation Gallo-Romaine
9 (RLIN) 27787
245 10 - TITULO PROPIAMENTE DICHO
Titulo Athènes :
Subtitulo la cité des images. Religion et société en Grèce ancienne /
Mencion de responsabilidad, etc dirección F.Leyge y F. Lissarrague. Musée de la Civilisation Gallo-Romaine
260 ## - EDITORIAL - PUBLICACION, DISTRIBUCION, ETC. (Pie de imprenta)
Lugar de publicacion, distribucion, etc Lyon :
Nombre del editor, distribuidor, etc Musée de la Civilisation Gallo-Romaine,
Fecha de publicacion 1987
300 ## - DESCRIPCION FISICA
Extension 48 p.:
Otros detalles fisicos il. byn.,
Dimensiones 21x22 cm
650 #4 - MATERIA - TERMINO TEMATICO
Término temático general Arte griego
650 #4 - MATERIA - TERMINO TEMATICO
Término temático general Sociedad
650 #4 - MATERIA - TERMINO TEMATICO
Término temático general Religión griega
650 #4 - MATERIA - TERMINO TEMATICO
Término temático general Esculturas
General subdivision Pinturas
653 ## - MATERIA - PALABRAS CLAVES
Palabras claves Grecia antigua
908 ## - SOPORTE
Soporte Imp
930 ## - ACCESION
Numero de accesion (NR) 12354
942 ## - FUENTE DE CLASIFICACION
Clasificacion Dewey Decimal Classification
Tipo de item Libro
945 ## - INFORMACION DE PROCESAMIENTO
Codigo del operador MIA
Fecha de ingreso o modificacion 2026-06-22
980 ## - DECLARACIÓN DE EQUIVALENCIA O SERIE DE REFERENCIA CRUZADA - NOMBRE / TÍTULO PERSONAL [LOCAL, CANADÁ]
Código del operador 1
Nombre del operador Maricel Allasia
Código del operador que modifico el registro 1
Nombre del operador que modifico el registro Maricel Allasia
Existencias
Estado retiro Estado perdido Sistema de clasificacion Estado general Restricciones de uso Biblioteca de origen Ubicacion actual Localizacion en estante Fecha de adquisicion Fuente de adquisicion Prestamos totales Signatura y librística Proveedor Numero de ejemplar Tipo de elemento KOHA Nota no publica
Disponible Disponible cdu No dañado Ningun uso de restricciones Arq. Hilarión H. Larguia Arq. Hilarión H. Larguia Sala 22/06/2026 Don   72.033 At867 18539 ej. 1 Libro